| 000 | 00525nam a2200157 i 4500 | ||
|---|---|---|---|
| 001 | 93855 | ||
| 003 | ES-MaACL | ||
| 007 | t| | ||
| 008 | 050421s1955 sp ||||1| spa d | ||
| 100 | 1 |
_aLópez de Letona, Angel. _973565 |
|
| 245 | 1 | 0 |
_aPatología general y Clínica Propedeútica. _n, . Tomo I, _pEtiología general, Patología de la nutrición / _cAngel López de Letona. |
| 250 | _a2ª ed. | ||
| 260 |
_aValladolid : _bSever, _c1955. |
||
| 300 |
_a1010 p., 3 h. : _bil. ; _c21 cm. |
||
| 852 |
_aES-MaACL _jE-3469 _bR.44135 |
||
| 999 |
_c93855 _d93855 |
||